| 000 | 00489nam a2200205Ia 4500 | ||
|---|---|---|---|
| 999 |
_c13809 _d13809 |
||
| 003 | 0100 | ||
| 005 | 20190718113805.0 | ||
| 008 | 130303s9999 xx 000 0 und d | ||
| 020 | _a415124751 | ||
| 040 | _cARRUPELIB | ||
| 050 | _aHM276.G79 1995 | ||
| 100 |
_aGray, John _99497 |
||
| 245 | _aEnlightenment's wake | ||
| 245 | _bpolitics and culture at the close of the modern age | ||
| 260 |
_aLondon _bRoutledge _c1995 |
||
| 300 | _ax" 203 p. | ||
| 300 | _b 24 cm | ||
| 650 |
_aConservatism Post-communism Right and left (Political sciences) _947282 |
||
| 700 |
_aJohn Gray _947281 |
||
| 942 |
_2lcc _cMONOGRAPH |
||